The house of the seven gables

Salvato in:
Dettagli Bibliografici
Autore principale: Hawthorne, Nathaniel (Autore)
Natura: Libro
Lingua:inglese
Pubblicazione: Nueva York Lancer Books 1968
Soggetti:
Tags: Aggiungi Tag
Nessun Tag, puoi essere il primo ad aggiungerne!!

MARC

LEADER 00000nam a2200000 a 4500
001 UCP2850
003 CL-VaPUC
008 990604e19680000US |||||||||||||||||eng|d
082 0 4 |a 813  |b HAW  |2 21 
100 0 |a Hawthorne, Nathaniel  |e author  |9 371935 
245 1 4 |a The house of the seven gables 
300 |a 446 p 
942 |c BK 
945 |d 19990604 00:00:00  |a rbrito 
260 |a Nueva York  |b Lancer Books  |c 1968 
650 0 |a Novelas estadounidenses  |9 265217 
583 |a last modification  |c 19990604 00:00:00  |k Rodrigo Vera 
999 |c 281319  |d 281317 
952 |0 0  |1 0  |4 0  |6 813_000000000000000_HAW_1968  |7 0  |8 A  |9 322026  |a BIBEDU  |b BIBEDU  |d 2019-11-20  |i 3528162  |o 813 HAW 1968  |p 3528162  |r 2019-11-20  |w 2019-11-20  |y BK  |k LIT